Rozhodovacie procesy pri výbere finančných produktov

Salvato in:
Dettagli Bibliografici
Autore principale: Strešňáková, Anna, 1976-
Natura: Capitolo di libro
Lingua:slovacco
Tags: Aggiungi Tag
Nessun Tag, puoi essere il primo ad aggiungerne!!

MARC

LEADER 00000nla$a2200000$$$4500
001 0115667
005 20240502072304.7
041 0 |a slo 
044 |a SK 
245 1 0 |a Rozhodovacie procesy pri výbere finančných produktov  |c Anna Strešňáková 
500 |a Abstrakty 
100 1 |a Strešňáková, Anna, 1976-